Statistiques concernant Pays où les femmes sont le plus victimes de violences physiques

Cliquez ici pour prendre le quiz!

Statistiques générales

  • Ce quiz a été pris 73 fois
  • Le résultat moyen est 4 sur 20

Statistiques - réponses

%Pays% Correct
63,7République Démocratique du Congo
65%
48,7Éthiopie
43%
87Sénégal
43%
47Égypte
41%
54,6Cameroun
40%
64,6Bangladesh
37%
59Japon
27%
46,8Zambie
21%
52,4Gabon
19%
56,1Ouganda
17%
62,8Guinée équatoriale
16%
55,5Sierra Leone
14%
68,5Fidji
8%
47Costa Rica
6%
45,5Salomon
6%
51Vanuatu
6%
67Papouasie-Nouvelle-Guinée
5%
76,8Tonga
5%
48Danemark
3%
60Kiribati
3%

Distribution des résultats

Percentile par nombre de réponses

% des personnes avec chaque résultat

Votre développement - résultats

Vous n’avez pas pris ce quiz